000 00507nam a2200193Ia 4500
003 OSt
005 20260228103853.0
008 210210b1970 xxu||||| |||| 00| 0 eng d
040 _cAL
041 _aHindi
082 _a861/71
100 _aGUPTA (Maithilisharan)
_dगुप्त (मैथिलीशरण)
_9257157
245 _aLeela
_bलीला
260 _aChirganv
_bSahity Sadhan
_c1970
650 _aLIla
_9257158
690 _aHindi Poetry
_9257159
906 _a023092
942 _2ddc
_cBK
999 _c148004
_d148004